=LDR 00000nam 2200000 4500 =001 INLIS000000000021467 =005 20130612120328 =008 ***********************************Ind** =035 ##$$0010-061300000021467 =041 ##$$a Ind =082 ##$$a 361.1 =090 ##$$a 361.1, Pel t =100 ##$$a Pelzer, Karl J =245 ##$$a Toean Keboen dan Petani, Politik Kolonial =260 ##$$a 1985 $b Jakarta =300 ##$$a 230 hlm, Ilus6c21 cm =700 ##$$a Rumbo, J =850 ##$$a NBPNMAT